Managing radical organizational change / (Record no. 749)

000 -LEADER
fixed length control field 01311nam a22003497a 4500
001 - CONTROL NUMBER
control field 1669174
003 - CONTROL NUMBER IDENTIFIER
control field OSt
005 - DATE AND TIME OF LATEST TRANSACTION
control field 20210422051048.0
008 - FIXED-LENGTH DATA ELEMENTS--GENERAL INFORMATION
fixed length control field 980224s1998 caua b 001 0 eng
010 ## - LIBRARY OF CONGRESS CONTROL NUMBER
LC control number 98009004
020 ## - INTERNATIONAL STANDARD BOOK NUMBER
International Standard Book Number 0761909338 (acidfree paper)
020 ## - INTERNATIONAL STANDARD BOOK NUMBER
International Standard Book Number 0761909346 (pbk. : acidfree paper)
040 ## - CATALOGING SOURCE
Original cataloging agency eng
Transcribing agency DLC
Modifying agency eng
Language of cataloging eng
041 ## - LANGUAGE CODE
Language code of text/sound track or separate title eng
050 00 - LIBRARY OF CONGRESS CALL NUMBER
Classification number HD58.8
Item number .N494 1998
080 ## - UNIVERSAL DECIMAL CLASSIFICATION NUMBER
Universal Decimal Classification number 005
Item number N-53
082 00 - DEWEY DECIMAL CLASSIFICATION NUMBER
Classification number 658.4/06
Edition number 21
100 1# - MAIN ENTRY--PERSONAL NAME
Personal name Newman, Karen L.
245 10 - TITLE STATEMENT
Title Managing radical organizational change /
Statement of responsibility, etc. Karen L. Newman, Stanley D. Nollen.
Remainder of title / by: Sage Publications
260 ## - PUBLICATION, DISTRIBUTION, ETC.
Place of publication, distribution, etc. Thousand Oaks, Calif. :
Name of publisher, distributor, etc. Sage Publications,
Date of publication, distribution, etc. c1998.
300 ## - PHYSICAL DESCRIPTION
Extent xiv, 378 p. :
Other physical details ill. ;
Dimensions 24 cm.
504 ## - BIBLIOGRAPHY, ETC. NOTE
Bibliography, etc. note Includes bibliographical references )p. 355-361) and indexes.
650 #0 - SUBJECT ADDED ENTRY--TOPICAL TERM
Topical term or geographic name entry element Organizational change.
650 #0 - SUBJECT ADDED ENTRY--TOPICAL TERM
Topical term or geographic name entry element Management
9 (RLIN) 324
653 ## - INDEX TERM--UNCONTROLLED
Uncontrolled term მართვა
700 1# - ADDED ENTRY--PERSONAL NAME
Personal name Nollen, Stanley D.
856 7# - ELECTRONIC LOCATION AND ACCESS
Materials specified Table of contents only
Uniform Resource Identifier <a href="http://lcweb.loc.gov/catdir/toc/98-9004.html">http://lcweb.loc.gov/catdir/toc/98-9004.html</a>
Access method http
856 42 - ELECTRONIC LOCATION AND ACCESS
Materials specified Publisher description
Uniform Resource Identifier <a href="http://www.loc.gov/catdir/enhancements/fy0656/98009004-d.html">http://www.loc.gov/catdir/enhancements/fy0656/98009004-d.html</a>
906 ## - LOCAL DATA ELEMENT F, LDF (RLIN)
a 7
b cbc
c orignew
d 1
e ocip
f 19
g y-gencatlg
942 ## - ADDED ENTRY ELEMENTS (KOHA)
Source of classification or shelving scheme
Koha item type Books
Holdings
Withdrawn status Lost status Source of classification or shelving scheme Damaged status Not for loan Permanent location Current location Date acquired Inventory number Total Checkouts Full call number Barcode Date last seen Price effective from Koha item type
          Ken Walker International University Ken Walker International University 12/21/2020 2123   005 N-53 2123 12/21/2020 12/21/2020 Books

Powered by Koha